000 00927nam a2200301Ia 4500
003 OSt
005 20220912145038.0
006 a|||||r|||| 00| 0
007 ta
008 220909b |||||||| |||| 00| 0 eng d
020 _a9780199239184 (hbd)
024 _a112174
037 _b2992, 02/08/2010, New India Book Agency
037 _cTextbook
040 _aCSL
_beng
_cCSL
041 _aeng
082 _aY7:(G:66), P9 TY
100 _aFinlayson Clive
245 0 _aHumans who went extinct:why neanderthals died out and we survived
260 _aOxford
_bOxford University Press
_c2009
300 _axi, 273p.
_ccm.
500 _aReferences 221-259p.; Index 260-273p.
650 _a Human evolution
650 _a Neanderthals
650 _aAnthropology
942 _hY7:(G:66), P9 TY
_cTB
_2CC
999 _c21691
_d21691